| 000 | 00368nam a2200157Ia 4500 | ||
|---|---|---|---|
| 008 | 230917s9999||||xx |||||||||||||| ||und|| | ||
| 020 | _cRS10 | ||
| 040 |
_e7803 _aMAIN |
||
| 041 | _aEnglish | ||
| 082 | _a380.5 C458L | ||
| 100 | _aChoudhury, S K | ||
| 245 | 0 | _aLectures on transport | |
| 260 |
_aBhopal _bLyall Book _c1967 |
||
| 300 | _aviii, 312 p. | ||
| 942 | _cBK | ||
| 999 |
_c217983 _d217983 |
||